Top 100 CFB Players Preseason 25-26 - Statistics

General Stats
  • This quiz has been taken 30 times
  • The average score is 27 of 100
Answer Stats
Hint Answer % Correct
WR, Ohio State Jeremiah Smith
86%
QB, Texas Arch Manning
82%
QB, Clemson Cade Klubnik
75%
QB, Florida DJ Lagway
75%
RB, Notre Dame Jeremiyah Love
75%
WR, Alabama Ryan Williams
71%
QB, Vanderbilt Diego Pavia
68%
QB, Penn State Drew Allar
68%
WR, Clemson Antonio Williams
64%
WR, Arizona State Jordyn Tyson
61%
QB, South Carolina LaNorris Sellers
61%
S, Ohio State Caleb Downs
57%
QB, Kansas State Avery Johnson
54%
WR, Ohio State Carnell Tate
54%
QB, Miami Carson Beck
54%
QB, Georgia Tech Haynes King
54%
LB, Texas Tech Jacob Rodriguez
54%
QB, Oklahoma John Mateer
50%
TE, Vanderbilt Eli Stowers
46%
WR, Auburn Eric Singleton Jr
46%
QB, LSU Garrett Nussmeier
46%
RB, Penn State Nicholas Singleton
46%
QB, Iowa State Rocco Becht
46%
QB, Arizona State Sam Leavitt
46%
QB, TCU Josh Hoover
43%
QB, Baylor Sawyer Robertson
43%
LB, LSU Whit Weeks
43%
QB, SMU Kevin Jennings
39%
LB, Ohio State Sonny Styles
39%
RB, Missouri Ahmad Hardy
36%
LB, Georgia CJ Allen
36%
RB, Washington Jonah Coleman
36%
RB, Penn State Kaytron Allen
36%
DB, Minnesota Koi Perich
36%
RB, Louisville Isaac Brown
32%
DB, Tennessee Jermod McCoy
32%
DL, Clemson Peter Woods
32%
WR, LSU Aaron Anderson
29%
DE, Texas Colin Simmons
29%
WR, Indiana Elijah Sarratt
29%
LB, LSU Harold Perkins Jr
29%
OT, Alabama Kadyn Proctor
29%
C, Iowa Logan Jones
29%
TE, Ohio State Max Klare
29%
S, Texas Michael Taaffe
29%
DL, Miami Rueben Bain Jr
29%
OL, Utah Spencer Fano
29%
LB, Texas Anthony Hill Jr
25%
DL, Texas Tech David Bailey
25%
DE, South Carolina Dylan Stewart
25%
RB, Texas A&M Le'Veon Moss
25%
QB, Navy Blake Horvath
21%
DE, Michigan Derrick Moore
21%
CB, Notre Dame Leonard Moore
21%
DL, Alabama LT Overton
21%
RB, Texas Quintrevion Wisner
21%
LB, Ole Miss Suntarine Perkins
21%
DL, Clemson T.J. Parker
21%
CB, Clemson Avieon Terrell
18%
CB, Indiana D'Angelo Ponds
18%
CB, Texas Malik Muhammad
18%
LB, Alabama Deontae Lawson
14%
C, Florida Jake Slaughter
14%
DE, Auburn Keldric Faulk
14%
S, Georgia KJ Bolden
14%
DE, Oregon Matayo Uiagalelei
14%
OT, Clemson Blake Miller
11%
DL, Florida Caleb Banks
11%
DL, Georgia Christen Miller
11%
DE, Penn State Dani Dennis-Sutton
11%
S, Oregon Dillon Thieneman
11%
OL, Miami Francis Mauigoa
11%
RB, Oregon Makhi Hughes
11%
LB, Texas A&M Taurean York
11%
Edge, San Diego State Trey White
11%
WR, Clemson Bryant Wesco Jr
7%
OG, Missouri Cayden Green
7%
C, Alabama Parker Brailsford
7%
LB, Indiana Aiden Fisher
4%
OG, Texas A&M Ar'maj Reed-Adams
4%
DB, Duke Chandler Rivers
4%
RB, Pittsburgh Desmond Reid
4%
OLB, Illinois Gabe Jacas
4%
Edge, Boise State Jayden Virgin-Morgan
4%
OL, Georgia Tech Keylan Rutledge
4%
DE, Indiana Mikail Kamara
4%
OL, Penn State Olaivavega Ioane
4%
DT, Penn State Zane Durant
4%
OL, Notre Dame Anthonie Knapp
0%
DB, Notre Dame Christian Gray
0%
DL, Cincinnati Dontay Corleone
0%
DE, Rutgers Eric O'Neill
0%
DB, SMU Isaiah Nwokobia
0%
LB, Old Dominion Jason Henderson
0%
OT, Boise State Kage Casey
0%
LB, Pitt Kyle Louis
0%
LB, Buffalo Red Murdock
0%
S, Illinois Xavier Scott
0%
DB, Arizona State Xavion Alford
0%
S, Penn State Zakee Wheatley
0%
No matching quizzes found
Score Distribution
Percent of People with Each Score
Percentile by Number Answered
Your Score History
You have not taken this quiz